Separation of variables for partial differential equations : (Record no. 28895)

000 -LEADER
fixed length control field 00584 a2200181 4500
003 - CONTROL NUMBER IDENTIFIER
control field NUST
005 - DATE AND TIME OF LATEST TRANSACTION
control field 20180117152928.0
008 - FIXED-LENGTH DATA ELEMENTS--GENERAL INFORMATION
fixed length control field 180117b xxu||||| |||| 00| 0 eng d
020 ## - INTERNATIONAL STANDARD BOOK NUMBER
International Standard Book Number 1584884207
020 ## - INTERNATIONAL STANDARD BOOK NUMBER
International Standard Book Number 9781584884200
040 ## - CATALOGING SOURCE
Transcribing agency NUST
082 04 - DEWEY DECIMAL CLASSIFICATION NUMBER
Classification number 515.353
100 1# - MAIN ENTRY--PERSONAL NAME
Personal name Cain, George.
9 (RLIN) 8571
245 10 - TITLE STATEMENT
Title Separation of variables for partial differential equations :
Remainder of title an eigenfunction approach /
Statement of responsibility, etc. George Cain, Gunter H. Meyer.
260 ## - PUBLICATION, DISTRIBUTION, ETC.
Place of publication, distribution, etc. [S.l.] :
Name of publisher, distributor, etc. Chapman and Hall/CRC,
Date of publication, distribution, etc. 2005.
300 ## - PHYSICAL DESCRIPTION
Extent 304 p. ;
Dimensions 24 cm.
490 1# - SERIES STATEMENT
Series statement Studies in advanced mathematics.
700 1# - ADDED ENTRY--PERSONAL NAME
Personal name Meyer, Gunter H.
9 (RLIN) 8572
830 #0 - SERIES ADDED ENTRY--UNIFORM TITLE
Uniform title Studies in advanced mathematics.
9 (RLIN) 8573
942 ## - ADDED ENTRY ELEMENTS (KOHA)
Institution code [OBSOLETE] SNS
Koha item type Book
Call number prefix 515.353 CAI
Source of classification or shelving scheme
Holdings
Withdrawn status Lost status Damaged status Not for loan Permanent Location Current Location Date acquired Total Checkouts Total Renewals Full call number Barcode Date last seen Date last checked out Price effective from Koha item type
        School of Natural Sciences (SNS) School of Natural Sciences (SNS) 05/26/2016 1 3 515.353 CAI SNS0000174 09/13/2022 06/10/2022 05/26/2016 Book
© 2023 Central Library, National University of Sciences and Technology. All Rights Reserved.